000 00499cam a22001337a 4500
008 180718b1998 xxu||||| |||| 00| 0 eng d
082 _aA81x54 91/1/PT5D/3/PT1
100 _aCensus of India 1991
245 _aIndia: migration tables (table D-3), India, Andhra Pradesh and Arunachal Pradesh
260 _aDelhi
_bThe Controller of Publications
_c1998
300 _a641+p.
440 _aCensus of India 1991. Series-1, India. Part V-D, Series, Volume-3, Part 1
650 _aMigration, Internal - India
999 _c486492
_d486492